Quaid-i-Azam Mohammad Ali Jinnah : (Record no. 70612)

000 -LEADER
fixed length control field 01028cam a2200289 a 4500
001 - CONTROL NUMBER
control field 3564940
003 - CONTROL NUMBER IDENTIFIER
control field NUST - PNEC
005 - DATE AND TIME OF LATEST TRANSACTION
control field 20170116181144.0
008 - FIXED-LENGTH DATA ELEMENTS--GENERAL INFORMATION
fixed length control field 980127s1997 pk b 001 0beng
010 ## - LIBRARY OF CONGRESS CONTROL NUMBER
LC control number 98107916
020 ## - INTERNATIONAL STANDARD BOOK NUMBER
International Standard Book Number 0195777832
040 ## - CATALOGING SOURCE
Transcribing agency LIBRARY
043 ## - GEOGRAPHIC AREA CODE
Geographic area code a-pk---
050 00 - LIBRARY OF CONGRESS CALL NUMBER
Classification number DS385.J5
Item number B87 1997
082 00 - DEWEY DECIMAL CLASSIFICATION NUMBER
Classification number 954.9042092 BUR
Edition number 21
100 1# - MAIN ENTRY--PERSONAL NAME
Personal name Burke, S. M.
245 10 - TITLE STATEMENT
Title Quaid-i-Azam Mohammad Ali Jinnah :
Remainder of title his personality and his politics /
Statement of responsibility, etc. S.M. Burke and Salim Al-Din Quraishi.
260 ## - PUBLICATION, DISTRIBUTION, ETC.
Place of publication, distribution, etc. Karachi ;
-- New York :
Name of publisher, distributor, etc. Oxford University Press,
Date of publication, distribution, etc. 1997.
300 ## - PHYSICAL DESCRIPTION
Extent xvi, 412 p. ;
Dimensions 23 cm.
504 ## - BIBLIOGRAPHY, ETC. NOTE
Bibliography, etc. note Includes bibliographical references (p. [385]-400) and index.
600 10 - SUBJECT ADDED ENTRY--PERSONAL NAME
Personal name Jinnah, Mahomed Ali,
Dates associated with a name 1876-1948.
650 #0 - SUBJECT ADDED ENTRY--TOPICAL TERM
Topical term or geographic name entry element Statesmen
Geographic subdivision Pakistan
General subdivision Biography.
700 1# - ADDED ENTRY--PERSONAL NAME
Personal name Quraishi, Salim al-Din.
856 42 - ELECTRONIC LOCATION AND ACCESS
Materials specified Publisher description
Uniform Resource Identifier <a href="http://www.loc.gov/catdir/enhancements/fy0636/98107916-d.html">http://www.loc.gov/catdir/enhancements/fy0636/98107916-d.html</a>
942 ## - ADDED ENTRY ELEMENTS (KOHA)
Source of classification or shelving scheme
Koha item type Book
Holdings
Withdrawn status Lost status Source of classification or shelving scheme Damaged status Not for loan Permanent Location Current Location Shelving location Date acquired Total Checkouts Full call number Barcode Date last seen Price effective from Koha item type
          Pakistan Navy Engineering College (PNEC) Pakistan Navy Engineering College (PNEC)   10/08/2015   954.9042092 BUR PNECLIB-019902 10/08/2015   Book
© 2023 Central Library, National University of Sciences and Technology. All Rights Reserved.